La Unión Europea, su evolución y relaciones con América Latina y el mundo 2002-2003 (Registro nro. 132644)
[ vista simple ]
| 000 -LEADER | |
|---|---|
| fixed length control field | 00946nam a22002177a 4500 |
| 005 - DATE AND TIME OF LATEST TRANSACTION | |
| control field | 20251024145201.0 |
| 008 - FIXED-LENGTH DATA ELEMENTS--GENERAL INFORMATION | |
| fixed length control field | 251024b mx |||||||| |||| 00| 0 spa d |
| 020 ## - INTERNATIONAL STANDARD BOOK NUMBER | |
| International Standard Book Number | 9707013907 |
| 050 04 - LIBRARY OF CONGRESS CALL NUMBER | |
| Classification number | HC240.25.L38 |
| Item number | U55 2003 |
| 245 13 - TITLE STATEMENT | |
| Title | La Unión Europea, su evolución y relaciones con América Latina y el mundo 2002-2003 |
| Statement of responsibility, etc | / Stephan Sberro, Jordi Bacaria, coordinadores. |
| Remainder of title | |
| 250 ## - EDITION STATEMENT | |
| Edition statement | 1a ed. |
| 260 ## - PUBLICATION, DISTRIBUTION, ETC. (IMPRINT) | |
| Place of publication, distribution, etc | México : |
| Name of publisher, distributor, etc | Instituto Tecnológico Autónomo de México : |
| -- | Miguel Ángel Porrúa, |
| Date of publication, distribution, etc | 2003 |
| 300 ## - PHYSICAL DESCRIPTION | |
| Extent | 334 p. ; |
| Dimensions | 21 cm. |
| 504 ## - BIBLIOGRAPHY, ETC. NOTE | |
| Bibliography, etc | Incluye bibliografías |
| 651 #7 - SUBJECT ADDED ENTRY--GEOGRAPHIC NAME | |
| Source of heading or term | lemb |
| Geographic name | Unión Europea |
| Geographic subdivision | América Latina |
| General subdivision | Política y gobierno |
| 651 #4 - SUBJECT ADDED ENTRY--GEOGRAPHIC NAME | |
| Geographic name | Unión Europea |
| General subdivision | Relaciones económicas exteriores |
| 651 #4 - SUBJECT ADDED ENTRY--GEOGRAPHIC NAME | |
| Geographic name | América Latina |
| General subdivision | Relaciones económicas exteriores |
| Geographic subdivision | Países de la Comunidad Económica Europea |
| 700 1# - ADDED ENTRY--PERSONAL NAME | |
| Personal name | Sberro, Stephan, |
| Relator term | coordinador |
| 700 1# - ADDED ENTRY--PERSONAL NAME | |
| Personal name | Bacaria, Jordi, |
| Relator term | coordinador |
| 942 ## - ADDED ENTRY ELEMENTS (KOHA) | |
| Source of classification or shelving scheme | Biblioteca del Cogreso de los Estados Unidos |
| Koha item type | Libro |
| Estado de pérdida | Fuente de clasificación | Estado del daño | No para préstamo | Ubicación permanente | Ubicación actual | Apartado o colección | Fecha de adquisición | Fuente de adquisición | Edición | Dependencia de educación superior (DES) | Área del conocimiento | Clasificación | Código de Barras | Date last seen | Número de copia | Costo por reposición | Tipo de recurso |
|---|---|---|---|---|---|---|---|---|---|---|---|---|---|---|---|---|---|
| Biblioteca del Cogreso de los Estados Unidos | Uso interno Biblioteca | Biblioteca de la Facultad de Economía | Biblioteca de la Facultad de Economía | General | 21/10/2025 | Unidad Académica | 1a ed. | Ciencias Económico Administrativas | Ciencias Sociales y Administrativas | HC240.25.L38 U55 2003 | BFE000011826 | 03/05/2017 | 1 | 1.00 | Libro | ||
| Biblioteca del Cogreso de los Estados Unidos | Biblioteca de la Unidad de Ciencias Ingeniería y Humanidades | Biblioteca de la Unidad de Ciencias Ingeniería y Humanidades | Colección "Miguel Ángel Porrúa" | 11/07/2017 | Donación | 1a ed. | Educación y Humanidades | HC240.25 L38 U55 2003 | BCU000018897 | 11/07/2017 | C:1 | Libro |